All 50k+ Cities in Spain with a Map - Statistics

General Stats
  • This quiz has been taken 8,125 times
    7,687 since last reset
  • The average score is 68 of 149
Answers on the Map
Answers color-coded by a green-red scale on the quiz's map according to % correct below.
 
Answer Stats
Autonomous Community Population City % Correct
Catalonia 1,664,182 Barcelona
95%
Madrid 3,334,730 Madrid
94%
Andalusia 691,395 Seville
93%
Valencia 800,215 Valencia
93%
Basque Country 350,184 Bilbao
92%
Andalusia 578,460 Málaga
90%
Aragon 681,877 Zaragoza
90%
Balearic Islands 422,587 Palma
89%
Galicia 247,604 A Coruña
85%
Andalusia 233,648 Granada
85%
Murcia 459,403 Murcia
85%
Andalusia 326,039 Córdoba
83%
Galicia 296,692 Vigo
83%
Valencia 337,482 Alicante
80%
Basque Country 188,240 Donostia
80%
Canary Islands 381,223 Las Palmas
80%
Andalusia 115,439 Cádiz
79%
Navarre 203,944 Pamplona
79%
Castile and León 299,265 Valladolid
79%
Catalonia 103,369 Girona
78%
Balearic Islands 51,128 Ibiza
77%
Castilla–La Mancha 85,811 Toledo
77%
Castile and León 124,028 León
76%
Cantabria 173,375 Santander
76%
Asturias 271,717 Gijón
75%
Galicia 97,848 Santiago de Compostela
74%
Ceuta 84,202 Ceuta
73%
Asturias 219,910 Oviedo
73%
Madrid 91,224 San Sebastián de los Reyes
72%
Castile and León 144,825 Salamanca
71%
Melilla 87,076 Melilla
70%
Andalusia 201,322 Almería
69%
Catalonia 136,496 Tarragona
69%
Andalusia 143,837 Huelva
67%
Extremadura 150,984 Badajoz
66%
Castile and León 176,418 Burgos
66%
Madrid 185,180 Getafe
66%
Canary Islands 209,194 Santa Cruz
64%
Basque Country 253,996 Vitoria-Gasteiz
64%
Castilla–La Mancha 174,336 Albacete
63%
Murcia 216,108 Cartagena
63%
Valencia 234,765 Elche
62%
Andalusia 112,757 Jaén
62%
Catalonia 269,382 L'Hospitalet de Llobregat
62%
Andalusia 147,633 Marbella
61%
Catalonia 140,403 Lleida
60%
Galicia 98,519 Lugo
60%
Aragon 53,956 Huesca
59%
Andalusia 213,105 Jerez de la Frontera
59%
Valencia 174,264 Castellón de la Plana
58%
La Rioja 152,485 Logroño
58%
Castilla–La Mancha 87,484 Guadalajara
57%
Galicia 105,643 Ourense
57%
Catalonia 223,166 Badalona
56%
Extremadura 96,255 Cáceres
56%
Castilla–La Mancha 75,504 Ciudad Real
54%
Extremadura 59,548 Mérida
54%
Castile and León 52,057 Segovia
53%
Valencia 70,450 Benidorm
51%
Galicia 83,260 Pontevedra
51%
Castile and León 78,144 Palencia
50%
Andalusia 123,078 Algeciras
49%
Castile and León 58,369 Ávila
49%
Castilla–La Mancha 54,621 Cuenca
49%
Castile and León 60,988 Zamora
48%
Madrid 191,114 Leganés
47%
Catalonia 223,627 Terrassa
47%
Catalonia 216,520 Sabadell
46%
Andalusia 75,533 Alcalá de Guadaíra
45%
Madrid 197,562 Alcalá de Henares
45%
Catalonia 106,168 Reus
45%
Andalusia 135,050 Dos Hermanas
44%
Valencia 51,293 Villarreal
44%
Madrid 210,309 Móstoles
43%
Madrid 172,384 Alcorcón
42%
Galicia 65,560 Ferrol
42%
Asturias 77,791 Avilés
39%
Basque Country 62,910 Irun
39%
Basque Country 101,486 Barakaldo
38%
Madrid 194,514 Fuenlabrada
38%
Catalonia 129,661 Mataró
38%
Castile and León 64,509 Ponferrada
38%
Basque Country 77,770 Getxo
36%
Murcia 95,515 Lorca
35%
Castilla–La Mancha 83,663 Talavera de la Reina
34%
Madrid 118,417 Alcobendas
33%
Madrid 133,482 Parla
33%
Madrid 132,853 Torrejón de Ardoz
33%
Andalusia 69,166 Torremolinos
33%
Valencia 84,667 Torrevieja
33%
Andalusia 82,837 Fuengirola
32%
Andalusia 63,630 La Línea de la Concepción
32%
Andalusia 83,758 El Ejido
31%
Andalusia 95,001 San Fernando
31%
Catalonia 78,245 Manresa
30%
Valencia 75,798 Gandia
29%
Canary Islands 158,911 La Laguna
29%
Andalusia 98,433 Roquetas de Mar
29%
Cantabria 51,597 Torrelavega
29%
Madrid 60,332 Aranjuez
28%
Madrid 96,113 Las Rozas de Madrid
28%
Catalonia 120,443 Santa Coloma de Gramenet
28%
Catalonia 65,385 El Prat de Llobregat
27%
Andalusia 57,353 Linares
27%
Canary Islands 102,791 Telde
27%
Valencia 83,962 Torrent
27%
Canary Islands 64,645 Arrecife
26%
Andalusia 88,703 El Puerto de Santa María
26%
Andalusia 58,460 Motril
26%
Andalusia 82,365 Vélez-Málaga
26%
Catalonia 89,936 Cornellà de Llobregat
25%
Valencia 78,505 Orihuela
24%
Madrid 53,325 Pinto
24%
Madrid 90,973 Rivas-Vaciamadrid
24%
Catalonia 92,977 Sant Cugat del Vallès
24%
Andalusia 69,144 Benalmádena
23%
Catalonia 67,460 Castelldefels
23%
Andalusia 85,150 Chiclana de la Frontera
23%
Andalusia 70,228 Estepona
23%
Madrid 87,165 Pozuelo de Alarcón
23%
Catalonia 78,591 Rubí
23%
Valencia 67,173 Sagunto
23%
Catalonia 84,500 Sant Boi de Llobregat
23%
Valencia 59,354 Alcoi
22%
Madrid 81,391 Coslada
22%
Madrid 72,155 Majadahonda
22%
Andalusia 69,205 Sanlúcar de Barrameda
22%
Madrid 77,270 Valdemoro
22%
Andalusia 85,397 Mijas
21%
Catalonia 67,733 Vilanova i la Geltrú
21%
Canary Islands 82,777 Arona
19%
Catalonia 62,419 Granollers
19%
Valencia 52,813 Elda
18%
Andalusia 50,962 Utrera
18%
Madrid 64,378 Collado Villalba
17%
Murcia 73,095 Molina de Segura
17%
Valencia 71,035 Paterna
17%
Madrid 56,678 Arganda del Rey
16%
Valencia 58,978 San Vicente del Raspeig
16%
Catalonia 67,197 Viladecans
16%
Madrid 56,734 Boadilla del Monte
15%
Balearic Islands 51,710 Calvià
15%
Madrid 51,938 Colmenar Viejo
15%
Catalonia 57,855 Cerdanyola del Vallès
14%
Catalonia 51,600 Mollet del Vallès
14%
Asturias 51,509 Siero
14%
Canary Islands 53,397 San Bartolomé de Tirajana
12%
Canary Islands 74,602 Santa Lucía de Tirajana
12%
Canary Islands 51,233 Granadilla de Abona
9%
No matching quizzes found
Score Distribution
Percent of People with Each Score
Percentile by Number Answered
Your Score History
You have not taken this quiz since the last reset